| 000 | 00000nam 2200000zi 4500 |
| 001 | 9.936221 |
| 003 | CaOODSP |
| 005 | 20241007095055 |
| 006 | m o d f |
| 007 | cr |n||||||||| |
| 008 | 240402s1989 nscad ot f000 0 eng d |
| 040 | |aCaOODSP|beng|erda|cCaOODSP |
| 043 | |an-cn--- |
| 086 | 1 |aDR52-12/1-1989E-PDF |
| 100 | 1 |aMayer, Larry A. |q(Larry Allan), |d1952- |eauthor. |
| 245 | 10|aMeasurement of geophysical properties of Arctic sediment cores / |cLarry A. Mayer and Janice Marsters. |
| 264 | 1|aHalifax, N.S. : |bDepartment of Oceanography, Dalhousie University, |c[1989] |
| 300 | |a1 online resource (120, [4] pages) : |billustrations, charts |
| 336 | |atext|btxt|2rdacontent |
| 337 | |acomputer|bc|2rdamedia |
| 338 | |aonline resource|bcr|2rdacarrier |
| 490 | 1 |aContractors report series ; |v89-19 |
| 500 | |a"DSS Contract # W7708-7-9408/01-SB"--title page. |
| 500 | |a"Scientific Authority: Dr. John Ozard"--title page. |
| 500 | |aDigitized edition from print [produced by Defence Research and Development Canada]. |
| 520 | 3 |a"In support of research conducted at the Defence Research Establishment Pacific the physical and acoustic properties of a number of Arctic cores were measured by scientists at Dalhousie University. The report represents the preliminary presentation of the results of these measurements [...]"--introduction (page 1). |
| 650 | 0|aSediments (Geology)|zCanada, Northern|xAnalysis. |
| 650 | 6|aSédiments (Géologie)|zCanada (Nord)|xAnalyse. |
| 655 | 7|aTechnical reports|2lcgft |
| 655 | 7|aRapports techniques|2rvmgf |
| 710 | 2 |aDalhousie University.|bDepartment of Oceanography, |eissuing body. |
| 710 | 2 |aDefence Research Establishment Pacific, |eissuing body. |
| 710 | 1 |aCanada. |bDepartment of National Defence. |bResearch and Development Branch, |eissuing body. |
| 830 | #0|aContractors report series ;|v89-19.|w(CaOODSP)9.936079 |
| 856 | 40|qPDF|s2.64 MB|uhttps://publications.gc.ca/collections/collection_2024/rddc-drdc/DR52-12-1-1989-eng.pdf |
| 986 | |aDREP CRS-89-19 |